| 000 | 01235nam a2200265Ia 4500 | ||
|---|---|---|---|
| 001 | 18143 | ||
| 003 | GE_BSU | ||
| 008 | 181216s||||||||xx |||||||||||||| ||und|| | ||
| 020 | _a9789994061396 | ||
| 040 | _cGE_BSU | ||
| 080 | _a81'374.823=353.1=353.2=161.1 | ||
| 100 | _aნიჟარაძე, ბესარიონ | ||
| 245 | _aქართულ-სვანურ-რუსული ლექსიკონი. ბალსზემოური დიალექტი | ||
| 245 | _cტექსტი გამოსაც. მოამზადა და წინასიტყვ. დაურთო ლელა ნიჟარაძე. რედ. ზ. ჭუმბურიძე | ||
| 260 | _aთბილისი | ||
| 260 | _bუნივერსალი | ||
| 260 | _c2007 | ||
| 300 | _a263გვ.24სმ. სურ. | ||
| 520 | _aპარალ.სათ. რუს.ენ. | ||
| 541 | _h8ლ. | ||
| 653 | _aბალსზემოური დიალექტი | ||
| 653 | _aქართული ენა. სვანური ენა. რუსული ენა. | ||
| 653 | _aქართულ-სვანურ-რუსული ლექსიკონი | ||
| 942 | _cBK | ||
| 999 |
_c51184 _d51184 |
||